000 00592nam a2200241 a 4500
001 nice12345678
003 IN_TiNIC
005 20260116013246.0
008 050524s1998 newa grp 000 0 eng
020 _a
_c175
082 0 0 _a297.5
_bENG
100 _aEngineer, Asghar Ali
245 _aRethinking Issues in Islam
260 _aNew Delhi
_bOrient Blackswan
_c1998
300 _a151p
500 _aincludes index and biblioraphy
505 2 _aIndex
650 _aIslam-Moral Theology
700 1 _aEngineer, Asghar Ali
902 _bSRS
942 _cBK
999 _c10288
_d10288